000 01027nam a2200301 a 4500
001 BRCA_8577
005 20190320210333.0
008 190816s1703----gw-a######---#000-0#dut-#
041 _adut
044 _agw
050 4 _aBS1901
_b.H66
_c1703
100 1 _aHooge, Romeyn de
_921478
245 1 0 _aAlle de voornaamste historien des ouden en nieuwen testaments
_cRomeyn de Hooge, Henricus Vos
260 _aAmsterdam
_bJacob lindenberg
_c1703
300 _a1 vol. (con varias paginaciones)
_bil. , mapas
_c39 cm
500 _aFondo antiguo
500 _aSe encuentra en Caja Fuerte
500 _aDD-8
500 _aCon Ex-libris de: Franz Mayer
500 _aGrabado en la anteportada
500 _aUso de viñetas y letras capitulares
500 _aNota de encuadernación: piel con cartón
506 0 _aFondo reservado: para su consulta es necesario credencial de usuario y carta de motivos
650 1 4 _aNuevo testamento
_eHistoria
_921479
700 1 _aHenricus, vos
_921480
902 _aLAR
942 _2lcc
_cB
999 _c8240
_d8240